000 00485nam a22001697a 4500
999 _c264268
_d264267
003 OSt
005 20240807174800.0
008 240807b xxu||||| |||| 00| 0 eng d
010 _a 82083068
020 _a0307010619
040 _cRU
050 _a PZ10.3
_b .B2139 1984
245 _aWalt Disney's Bambi /
_c based on the original story by Felix Salten.
260 _aRacine, Wis. :
_bWestern Pub. Co.,
_cc1984.
300 _a [24] p. :
_b col. ill. ;
_c 20 cm.
942 _2lcc
_cBK